Records management handbook /

Bibliographic Details
Other Authors: Penn, Ira A.
Format: Book
Language:English
Published: Aldershot, Hants., England ; Brookfield, Vt., USA : Gower Pub. Co., [1989]
Subjects:

MARC

Tag First Indicator Second Indicator Subfields
LEADER 00000cam a22000008a 4500
001 in00000886404
005 20151019161338.0
008 890111s1989 enka b 00100 eng
010 |a  89030200  
020 |a 0566056666 
035 |a (OCoLC)19123684 
035 |9 AEK9676AM 
040 |a DLC  |c DLC  |d TXA  |d UtOrBLW 
043 |a n-us---  |a e-uk--- 
049 |a TXAM  |c [A12723459] 
050 0 0 |a JK468.P76  |b R44 1989 
082 0 |a 354.410071/4  |2 19 
245 0 0 |a Records management handbook /  |c Ira A. Penn [and others]. 
263 |a 8903 
264 1 |a Aldershot, Hants., England ;  |a Brookfield, Vt., USA :  |b Gower Pub. Co.,  |c [1989] 
264 4 |c ©1989 
300 |a xii, 249 pages :  |b illustrations 
336 |a text  |b txt  |2 rdacontent 
337 |a unmediated  |b n  |2 rdamedia 
338 |a volume  |b nc  |2 rdacarrier 
504 |a Includes bibliographical references and index. 
650 0 |a Public records  |z United States  |x Management. 
650 0 |a Public records  |z Great Britain  |x Management. 
700 1 |a Penn, Ira A. 
999 |a MARS 
999 f f |s 545dff48-d56a-3ab1-90c8-75f0cc8c7adf  |i 6119187a-ad78-3b5a-8b63-bedd86a95615  |t 0 
952 f f |p ric  |a Texas A&M University  |b Rellis Campus  |c Joint Library Facility  |d Remote Storage  |t 0  |e JK468.P76 R44 1989  |h Library of Congress classification  |i unmediated -- volume  |m A14812723459 
998 f f |a JK468.P76 R44 1989  |t 0  |l Remote Storage